Soft condensed matter / (Record no. 29762)

000 -LEADER
fixed length control field 00699 a2200193 4500
020 ## - INTERNATIONAL STANDARD BOOK NUMBER
International Standard Book Number 0198505892
020 ## - INTERNATIONAL STANDARD BOOK NUMBER
International Standard Book Number 9780198505891
082 ## - DEWEY DECIMAL CLASSIFICATION NUMBER
Classification number 530.41
090 ## - LOCALLY ASSIGNED LC-TYPE CALL NUMBER (OCLC); LOCAL CALL NUMBER (RLIN)
-- 1148
-- 1148
100 1# - MAIN ENTRY--PERSONAL NAME
Personal name Jones, Richard A. L.
245 10 - TITLE STATEMENT
Title Soft condensed matter /
Statement of responsibility, etc. Richard A. L. Jones.
260 ## - PUBLICATION, DISTRIBUTION, ETC.
Place of publication, distribution, etc. [S.l.] :
Name of publisher, distributor, etc. Oxford University Press, USA,
Date of publication, distribution, etc. 2002.
300 ## - PHYSICAL DESCRIPTION
Extent 208 p. ;
Dimensions 25 cm.
490 1# - SERIES STATEMENT
Series statement Oxford master series in condensed matter physics ;
700 ## - ADDED ENTRY--PERSONAL NAME
Personal name Jones, Richard A. L.
830 #0 - SERIES ADDED ENTRY--UNIFORM TITLE
Uniform title Oxford master series in condensed matter physics ;
942 ## - ADDED ENTRY ELEMENTS (KOHA)
Institution code [OBSOLETE] SNS
Koha item type Book
Call number prefix 530.41 JON
Holdings
Withdrawn status Lost status Damaged status Not for loan Permanent Location Current Location Date acquired Total Checkouts Full call number Barcode Date last seen Price effective from Koha item type
        School of Natural Sciences (SNS) School of Natural Sciences (SNS) 05/26/2016   530.41 JON SNS0001656 05/26/2016 05/26/2016 Book
© 2023 Central Library, National University of Sciences and Technology. All Rights Reserved.